• 首页
  • 本馆介绍
  • 公告通知
  • 最新文献
  • 馆藏检索
  • 电子资源
  • 读者导购
  • 参考咨询
  • 我的图书馆
  • 登录
  • 详细信息显示
  • 放入我的书架
  • 预约/预借图书
  • 作者相关作品
  • 分类相关作品
  • 丛书相关作品
  • 出版社相关作品

书目信息

  • 表格格式
  • 工作单格式
  • 卡片格式
题名:
庄子
    
 
作者: 庄子, 著 ;姚彦汝 译
分册:  
出版信息: 北京   北京联合出版公司  2015.07
页数: 158页
开本: 19cm
丛书名: 中华国学经典精粹
单 册:
中图分类: B223.54
科图分类:
主题词: 道家--dao jia
电子资源:
ISBN: 978-7-5502-4378-1
000 00971nam 2200277 450
001 CAL 008035883
005 20230308143222.0
010    @a978-7-5502-4378-1@dCNY19.80
100    @a20151215d2015 em y0chiy0120 ea
101 0  @achi
102    @aCN@b110000
105    @ay z 000yy
106    @ar
200 1  @a庄子@Azhuang zi@f(战国) 庄周著@g姚彦汝译
210    @a北京@c北京联合出版公司@d2015.07
215    @a158页@d19cm
225 2  @a中华国学经典精粹@Azhong hua guo xue jing dian jing cui@i诸子经典
330    @a《庄子》是庄子以奇异的写作手法和浪漫主义精神融汇而成的散文集, 全书包括内篇、外篇和杂篇三部分。书中具体到每个篇目都包含了题解、原文、注释和译文几部分。
410  0 @12001 @a中华国学经典精粹@i诸子经典
605    @a庄子@Azhuang zi@x译文
606 0  @a道家@Adao jia
690    @aB223.54@v5
701  0 @a庄子,@Azhuang zi@f前369?-前286@4著
702  0 @a姚彦汝@Ayao yan ru@4译
801  0 @aCN@bBJXHXP@c20230308
905    @b1403618-22@dB223.54@e1082@f5
    
    庄子/(战国) 庄周著/姚彦汝译.-北京:北京联合出版公司,2015.07
    158页;19cm.-(中华国学经典精粹.诸子经典)
    
    
    ISBN 978-7-5502-4378-1:CNY19.80
    《庄子》是庄子以奇异的写作手法和浪漫主义精神融汇而成的散文集, 全书包括内篇、外篇和杂篇三部分。书中具体到每个篇目都包含了题解、原文、注释和译文几部分。
●
相关链接 在E读中查询图书 在五车中查询图书 在当当中查询图书 在豆瓣中查询图书


正题名:庄子     索取号:B223.54/1082         预约/预借

序号 登录号 条形码 馆藏地/架位号 状态 备注
1 1403618   214036185   第一样本阅览室/ [索取号:B223.54/1082] 在馆    
2 1403619   214036194   第一借阅区/ [索取号:B223.54/1082] 在馆    
3 1403620   214036201   第一借阅区/ [索取号:B223.54/1082] 在馆    
4 1403621   214036210   第一借阅区/ [索取号:B223.54/1082] 在馆    
5 1403622   214036229   第一借阅区/ [索取号:B223.54/1082] 在馆    
唐山师范学院图书馆 欢迎您!
大连网信软件有限公司© 版权所有